[Event "XXIII Belgrade Trophy"]
[Site "Obrenovac SRB"]
[Date "2010.11.30"]
[Round "7.41"]
[White "Ilic,Zo3"]
[Black "Djukic,Milor"]
[Result "1-0"]
[WhiteElo "2261"]
[BlackElo "1980"]

1.Nf3 d5 2.g3 Nf6 3.Bg2 g6 4.c4 dxc4 5.Na3 c3 6.bxc3 Bg7 7.O-O O-O 8.Rb1 c6
9.c4 Re8 10.d4 Nbd7 11.Bb2 Nb6 12.Qb3 Bf5 13.Rbc1 Ne4 14.Rfd1 Qc8 15.Nh4 Ng5
16.Nxf5 Qxf5 17.f4 Ne6 18.c5 Nd7 19.e4 Qh5 20.Nc4 b5 21.Na5 Rac8 22.e5 Nef8
23.d5 a6 24.a4 bxa4 25.Qxa4 Qe2 26.Ba3 Nb8 27.d6 Nbd7 28.Nc4 e6 29.Rd2 Qh5
30.Nb6 Nxb6 31.cxb6 Rb8 32.d7 Red8 33.Qxa6 Bxe5 34.fxe5 Qxe5 35.Qd3 Rxb6
36.Qd6 Qxd6 37.Bxd6 Kg7 38.Bxf8+ Kxf8 39.Bxc6 Ke7 40.Rd4  1-0

[Event "XXIII Belgrade Trophy"]
[Site "Obrenovac SRB"]
[Date "2010.11.30"]
[Round "7.72"]
[White "Krstic,N"]
[Black "Sablic,B"]
[Result "0-1"]
[WhiteElo "1658"]
[BlackElo "1997"]

1.Nf3 d5 2.g3 Nf6 3.Bg2 c6 4.O-O Bg4 5.d3 Nbd7 6.c4 e6 7.Bf4 Qb6 8.Qc2 Be7
9.Nbd2 Nh5 10.Be3 Qc7 11.h3 Bxf3 12.Nxf3 Bd6 13.c5 Be7 14.b4 a5 15.a3 O-O
16.Rfb1 axb4 17.Rxb4 Ra5 18.d4 b6 19.Rab1 bxc5 20.Rb7 Qc8 21.g4 Nhf6 22.Bf4 Ne8
23.Qc3 Ra8 24.dxc5 Bxc5 25.Rxd7 Bxf2+ 26.Kxf2 Qxd7 27.Ne5 Qa7+ 28.Kf1 c5
29.Nc6 Qxa3 30.Ne7+ Kh8 31.Qe5 c4 32.Bd2 Qxe7 33.Bb4 Qf6+ 34.Qxf6 Nxf6 35.Bxf8 Rxf8
36.Rb7 g6 37.Ke1 Kg7 38.Kd2 Rc8 39.Kc3 h6 40.e3 h5  0-1

[Event "70th ch-ITA"]
[Site "Siena ITA"]
[Date "2010.11.30"]
[Round "7"]
[White "D'Amore,C"]
[Black "Caruana,F"]
[Result "1/2-1/2"]
[WhiteElo "2485"]
[BlackElo "2709"]

1.Nf3 d5 2.g3 c6 3.Bg2 Bg4 4.O-O Nd7 5.d3 e6 6.Nbd2 Bd6 7.e4 Ne7 8.d4 O-O
9.Re1 Bc7 10.c3 Bh5 11.Qb3 Rb8 12.Qa3 b5 13.b3 Bb6 14.b4 a5 15.Nb3 Ra8 16.Qb2 dxe4
17.Rxe4 Nd5 18.Bd2 Bg6 19.Ree1 a4 20.Nc5 Bc7 21.Bg5 Qc8 22.Nh4 Bh5 23.Qc1 Nxc5
24.dxc5 e5 25.c4 bxc4 26.Qxc4 f6 27.Bd2 Bf7 28.Qc2 Be6 29.a3 Qd7 30.Rad1 Bg4
31.Bc1 Bxd1 32.Rxd1 Rab8 33.Be4 g6 34.Bh6 Rf7 35.Qxa4 Qe6 36.Qb3 Rd7 37.Ng2 f5
38.Bxd5 Rxd5 39.Rxd5 Qxd5 40.Qxd5+ cxd5 41.Ne3 d4 42.Nd5 Bd8 43.c6 d3 44.Be3 Kf7
45.Kf1 Ra8 46.c7 Bxc7 47.Nxc7 Rxa3 48.Ke1 Rc3 49.Bc5 e4 50.h4 h6 51.Nb5 Rc1+
52.Kd2 Rc2+ 53.Ke1 Rc1+ 54.Kd2 Rc2+ 55.Ke1 Re2+ 56.Kd1 Rb2 57.Nc3 Ke6 58.b5 Ke5
59.Be3 g5 60.hxg5 hxg5 61.Bxg5 Rxf2 62.Be3 Rg2 63.b6 Kd6 64.Nb5+ Kc6 65.Nd4+ Kxb6
66.Nxf5+ Kc6 67.Bf4 Ra2 68.Ne3 Kc5 69.Nf5 Ra5 70.Kd2 Kc4 71.Nd6+ Kd4 72.Be3+ Kd5
73.Bf4 Ra2+ 74.Kd1 e3 75.Bxe3 Kxd6 76.Bf4+ Kd5 77.Ke1 Kd4 78.Kd1 Rf2 79.Bc7 Re2
80.Bb6+ Ke4 81.Bc7 Rg2 82.Bf4 Rf2 83.Bc7 Ra2 84.Bf4 Kd4 85.Bc7 Kc4 86.Bf4 Rf2
87.Bc7 Re2 88.Bd8 Ra2 89.Bc7 Kd4 90.Bf4 Rg2 91.Bc7 Kc4 92.Bf4 Kb3 93.Bc7 Re2
94.Bd8 Rf2 95.Bc7 Kc4 96.Bf4 Kd4 97.Bc7 Ke4 98.Bf4 Ra2 99.Bd6 Rg2 100.Bf4 Rf2
101.Bc7 d2 102.Kc2 Ke3 103.Ba5 Rg2 104.Bb4 Rxg3 105.Bxd2+ Kd4 106.Ba5 Kc4
107.Kd2 Rb3 108.Ke2 Kd4 109.Kf2 Ke4 110.Kg2 Rf3 111.Bc7 Rf7 112.Bd6 Rf6 113.Bc5 Rc6
114.Be7 Kf4 115.Bb4 Rc2+ 116.Kg1 Kf3 117.Kh1 Kf2 118.Kh2 Rc7 119.Kh3 Kf3
120.Kh2 Kf2 121.Kh3 Rc1 122.Bd6 Rd1 123.Bc5+ Kf3 124.Kh2 Rd2+ 125.Kg1 Rg2+
126.Kh1 Kg3 127.Bd6+ Kf2 128.Bc5+ Kf1 129.Bd6 Rg6 130.Bh2 Kf2 131.Be5 Rh6+
132.Bh2 Kf3 133.Kg1 Rg6+ 134.Kh1 Ra6 135.Bg1 Ra2 136.Bh2 Kg4 137.Bg1 Kg3
138.Bc5 Rc2 139.Bd4 Rh2+ 140.Kg1 Rd2 141.Be5+ Kf3 142.Kh1 Kf2 143.Bc7 Rd7
144.Bb6+ Kf3 145.Kh2 Rd2+ 146.Kh1 Rd6 147.Bc5 Rh6+ 148.Kg1 Rc6 149.Bd4 Rc1+
150.Kh2 Rc4  1/2-1/2

[Event "Channukah Closed"]
[Site "Haifa ISR"]
[Date "2010.12.01"]
[Round "1.4"]
[White "Berkovich,M"]
[Black "Postny,E"]
[Result "1/2-1/2"]
[WhiteElo "2392"]
[BlackElo "2604"]

1.Nf3 d5 2.g3 c6 3.Bg2 Bg4 4.c4 e6 5.cxd5 exd5 6.O-O Nf6 7.d3 Be7 8.h3 Bxf3
9.Bxf3 O-O 10.Bg2 Na6 11.Nd2 Nc5 12.Qc2 Re8 13.Nf3 a5 14.Be3 Ne6 15.Nd4 Bd6
16.Nxe6 Rxe6 17.Bg5 h6 18.Bxf6 Qxf6 19.e4 Qd4 20.exd5 cxd5 21.Qc3 Qb6 22.Qb3 Qxb3
23.axb3 Re2 24.Bxd5 Rxb2 25.Bxb7 Ra7 26.Bd5 Bb4 27.Rab1 Ra2 28.Ra1 Re2 29.Bf3 Rc2
30.Rfc1 Rac7 31.Rxc2 Rxc2 32.d4 g6 33.Rd1 Rd2  1/2-1/2

[Event "70th ch-ITA"]
[Site "Siena ITA"]
[Date "2010.12.01"]
[Round "8"]
[White "Ortega,Le"]
[Black "Rombaldoni,D"]
[Result "1/2-1/2"]
[WhiteElo "2480"]
[BlackElo "2494"]

1.Nf3 d5 2.g3 Nc6 3.Bg2 e5 4.d3 Nf6 5.c3 Be7 6.Qc2 Bg4 7.Nbd2 h6 8.e4 Qd7
9.O-O O-O 10.Re1 dxe4 11.dxe4 Be6 12.b4 a6 13.Bf1 Ne8 14.Nc4 Bxc4 15.Bxc4 Nd6
16.Bd5 a5 17.Rb1 Bf6 18.a3 Ne7 19.Bb3  1/2-1/2

[Event "WY U-16 Olympiad"]
[Site "Burdur TUR"]
[Date "2010.12.02"]
[Round "7"]
[White "Gabuzyan,H"]
[Black "Aripov,I"]
[Result "1-0"]
[WhiteElo "2287"]
[BlackElo "2103"]

1.g3 d5 2.Nf3 b6 3.Bg2 Bb7 4.O-O e6 5.d4 Nf6 6.c4 dxc4 7.Qa4+ Nbd7 8.Ne5 Bxg2
9.Kxg2 Bd6 10.Nxc4 O-O 11.Nc3 Qe7 12.e4 e5 13.Nxd6 cxd6 14.Rd1 a6 15.Bg5 Qe6
16.f3 b5 17.Qb3 Rfe8 18.Rac1 h6 19.Be3 Rac8 20.d5 Qe7 21.Qa3 Nb8 22.Ne2 Nfd7
23.g4 h5 24.Ng3 hxg4 25.Nf5 gxf3+ 26.Kxf3 Qf6 27.Qxd6 Qxd6 28.Nxd6 Rxc1 29.Rxc1 Rd8
30.Rc7 Kf8 31.Nb7 Re8 32.Bc5+ Nxc5 33.Nxc5 Re7 34.Rc8+ Re8 35.Rxb8  1-0

[Event "70th ch-ITA"]
[Site "Siena ITA"]
[Date "2010.12.02"]
[Round "9"]
[White "Dvirnyy,D"]
[Black "Godena,M"]
[Result "0-1"]
[WhiteElo "2492"]
[BlackElo "2549"]

1.Nf3 d5 2.g3 c6 3.Bg2 Bg4 4.O-O Nd7 5.d3 e5 6.e4 dxe4 7.dxe4 Ngf6 8.Nbd2 Qc7
9.Qe1 Bb4 10.a3 Bxf3 11.axb4 Bxg2 12.Kxg2 O-O 13.Nb3 c5 14.bxc5 Nxc5 15.Nxc5 Qxc5
16.Qe2 Rfc8 17.c3 h6 18.Rd1 a5 19.Be3 Qc6 20.f3 b5 21.Qd3 Ra6 22.Bf2 a4 23.Ra3 Ne8
24.Qd5 Nd6 25.Ra2 Nc4 26.Qxc6 Raxc6 27.Rd5 Rb8 28.Bc5 Rbc8 29.Bf2 Rd6 30.Rxb5 Rd2
31.Ra1 Nxb2 32.Ra2 a3 33.Rb3 Ra8  0-1

[Event "70th ch-ITA"]
[Site "Siena ITA"]
[Date "2010.12.03"]
[Round "10"]
[White "D'Amore,C"]
[Black "Piscopo,P"]
[Result "1-0"]
[WhiteElo "2485"]
[BlackElo "2399"]

1.Nf3 d5 2.g3 g6 3.Bg2 Bg7 4.d4 Nf6 5.c4 dxc4 6.Qa4+ Nfd7 7.Qxc4 Nb6 8.Qc5 Nc6
9.Be3 Bg4 10.Ne5 Nxe5 11.dxe5 Nd7 12.Qb4 Nxe5 13.Nc3 Bxe2 14.Qa4+ b5 15.Qe4 Bc4
16.Qxa8 Nd3+ 17.Kd2 O-O 18.Qxd8 Rxd8 19.Kc2 b4 20.Na4 Bb5 21.Rad1 b3+ 22.axb3 Nb4+
23.Kc1 Bd3 24.Nc3 e5 25.Be4  1-0

[Event "WCh Women"]
[Site "Antakya TUR"]
[Date "2010.12.04"]
[Round "1.1"]
[White "Foisor,C"]
[Black "Skripchenko,A"]
[Result "1/2-1/2"]
[WhiteElo "2403"]
[BlackElo "2460"]

1.Nf3 d5 2.g3 c6 3.d3 Bg4 4.Nbd2 Nd7 5.Bg2 e6 6.O-O Bd6 7.c4 Ne7 8.d4 O-O
9.b3 h6 10.Bb2 f5 11.e3 g5 12.Qc2 Ng6 13.h3 Bxf3 14.Nxf3 Qf6 15.a4 h5 16.Ba3 Bxa3
17.Rxa3 g4 18.hxg4 hxg4 19.Ne1 Qe7 20.Ra2 Nf6 21.cxd5 cxd5 22.Qd1 Rac8 23.Rc2 Nh7
24.Nd3 Ng5 25.Rxc8 Rxc8 26.Qd2 Ne4 27.Qb2 Rc6  1/2-1/2

[Event "TCh-SWE Elitserien 2010-11"]
[Site "Sweden SWE"]
[Date "2010.12.04"]
[Round "5"]
[White "Svenn,G"]
[Black "Malesevic,N"]
[Result "1/2-1/2"]
[WhiteElo "2309"]
[BlackElo "2290"]

1.Nf3 d5 2.g3 Nf6 3.Bg2 e6 4.O-O Be7 5.d3 O-O 6.Nbd2 c5 7.e4 Nc6 8.e5 Nd7
9.Re1 Qc7 10.Qe2 Re8 11.Nf1 b5 12.h4 Bb7 13.Bf4 Rec8 14.Ne3 Nd4 15.Nxd4 cxd4
16.Nxd5 Bxd5 17.Bxd5 exd5 18.e6 Bd6 19.exd7 Qxd7 20.Bxd6 Qxd6 21.Rac1 h6
22.Qe5 Qb4 23.b3 Qc5 24.Re2 Rc6 25.Rce1 Rd8 26.Qf5 Rf8 27.Re8 Rc8 28.Rxf8+ Rxf8
29.Re2 a5 30.h5 a4 31.bxa4 bxa4 32.Kg2 a3 33.Qd7 Kh7 34.Qf5+ Kg8 35.Qd7 Kh7
36.Qf5+ Kg8 37.Qd7 Kh7  1/2-1/2

[Event "TCh-SWE Elitserien 2010-11"]
[Site "Sweden SWE"]
[Date "2010.12.04"]
[Round "5"]
[White "Karlsson,L"]
[Black "Johansson,Ja SWE"]
[Result "1-0"]
[WhiteElo "2469"]
[BlackElo "2424"]

1.g3 d5 2.Nf3 c5 3.Bg2 Nc6 4.d4 e6 5.O-O Bd7 6.c4 dxc4 7.Na3 Nf6 8.Nxc4 Be7
9.dxc5 Bxc5 10.Nd6+ Bxd6 11.Qxd6 Qe7 12.Qxe7+ Kxe7 13.b3 Rhc8 14.Ba3+ Ke8
15.Bb2 a5 16.Nd2 b5 17.Rfd1 Ke7 18.a4 b4 19.Nc4 Rc7 20.Bxf6+  1-0

[Event "TCh-BEL 2010-11"]
[Site "Amay BEL"]
[Date "2010.12.05"]
[Round "5.7"]
[White "Munster,P"]
[Black "Hammes,M"]
[Result "0-1"]
[WhiteElo "2029"]
[BlackElo "2394"]

1.Nf3 d5 2.g3 c5 3.Bg2 Nc6 4.O-O e5 5.d3 Be7 6.e4 d4 7.a4 Bg4 8.h3 Bh5 9.Na3 Nf6
10.Nc4 Nd7 11.a5 O-O 12.c3 b5 13.axb6 axb6 14.Rxa8 Qxa8 15.g4 Bg6 16.Nfxe5 Ncxe5
17.Nxe5 Nxe5 18.f4 Bd6 19.cxd4 cxd4 20.fxe5 Bxe5 21.Bf4 Bxf4 22.Rxf4 Qa5
23.Qb3 Rc8 24.Rf1 Qd2 25.Rd1 Qe3+ 26.Kh2 h6 27.Rf1 Qe2 28.Qxb6 Rc2 29.Rg1 Qxd3
30.Qb8+ Kh7 31.Qg3 Qxe4 32.Kh1 Qe2 33.Re1 Qd2 34.h4 Rc1 35.Rxc1 Qxc1+ 36.Kh2 Qxb2
37.h5 Be4 38.Kh3 Qxg2+ 39.Qxg2 Bxg2+ 40.Kxg2 g6 41.Kf3 gxh5  0-1

[Event "TCh-BEL 2010-11"]
[Site "Belgium BEL"]
[Date "2010.12.05"]
[Round "5.5"]
[White "Denayer,E"]
[Black "Lemmers,O"]
[Result "1-0"]
[WhiteElo "2216"]
[BlackElo "2395"]

1.Nf3 d5 2.g3 c6 3.Bg2 Bg4 4.d4 Nd7 5.Nbd2 e6 6.O-O f5 7.b3 Bd6 8.Bb2 Qf6
9.Qc1 Ne7 10.c4 g5 11.Nxg5 h6 12.Ngf3 O-O-O 13.b4 h5 14.b5 Kb8 15.bxc6 Nxc6
16.Ba3 Bc7 17.Rb1 Ka8 18.Qb2 Rb8 19.Rfc1 h4 20.cxd5 exd5 21.gxh4 Nb6 22.Kf1 Rbg8
23.Bc5 Qg6 24.Ke1 Re8 25.Bf1 Rh7 26.h3 Bh5 27.a4 Bf4 28.Qa3 Nc4 29.Nxc4 Bxc1
30.Rxc1 dxc4 31.Rxc4 Rd7 32.a5 a6 33.Bb6 Qe6 34.Rc3 f4 35.Qc1 Qe4 36.Ne5 Rd6
37.f3 Qd5 38.Rc5 Qe6 39.Nxc6 Rxc6 40.Qxf4 Rxc5 41.Bxc5 Bg6 42.Qd6 Qf5 43.Qb6 Kb8
44.Bd6+ Ka8 45.Bc5 Kb8 46.Kf2 Bh5 47.Bd6+ Ka8 48.Qc5 Qe6 49.Bf4 Bg6 50.d5 Qf6
51.Bg5 Qe6 52.Be3 Kb8 53.Qa7+ Kc8 54.Qa8+ Kc7 55.Bb6+ Kd6 56.Qxb7 Qxd5 57.Qxa6 Ra8
58.Ba7+ Qc6 59.Qxc6+ Kxc6 60.Bb6 Rh8 61.e4 Rxh4 62.Be3 Be8 63.a6 Kd6 64.f4 Bc6
65.Bg2 Rh8 66.e5+ Kc7 67.Bxc6 Kxc6 68.a7 Kd5 69.Kg3 Ke4 70.Kf2 Kf5 71.h4 Kg4
72.Ke2 Kxh4 73.Kf3 Kh5 74.f5 Rf8 75.Kf4 Kh6 76.e6 Kg7 77.Bd4+  1-0

[Event "49th TCh-DEN XtraCon 2010-11"]
[Site "Denmark DEN"]
[Date "2010.12.05"]
[Round "3.8"]
[White "Koch,Sor"]
[Black "Nielsen,NP"]
[Result "1/2-1/2"]
[WhiteElo "2178"]
[BlackElo "2152"]

1.g3 d5 2.Nf3 g6 3.Bg2 Bg7 4.O-O c6 5.d4 Nf6 6.b3 O-O 7.Bb2 Nbd7 8.Nbd2 Re8
9.c4 e6 10.Qc2 Nf8 11.Rad1 b6 12.Ne5 Bb7 13.e4 Rc8 14.Rfe1 N8d7 15.Qb1 dxe4
16.Nxe4 Nxe4 17.Qxe4 Qc7 18.Nd3 Ba8 19.Bc1 c5 20.d5 Nf6 21.Qf4 Qxf4  1/2-1/2

[Event "TCh-HUN 2010-11"]
[Site "Mako HUN"]
[Date "2010.12.05"]
[Round "4"]
[White "Lizak,P"]
[Black "Nagy,Danie"]
[Result "1-0"]
[WhiteElo "2377"]
[BlackElo "2309"]

1.Nf3 d5 2.g3 Nf6 3.Bg2 e6 4.c4 c6 5.O-O Nbd7 6.d4 Be7 7.Qc2 O-O 8.Nbd2 b6
9.e4 dxe4 10.Nxe4 Nxe4 11.Qxe4 Bb7 12.Rd1 Qc8 13.Ne5 Nxe5 14.dxe5 Rd8 15.Be3 Qc7
16.h4 Rxd1+ 17.Rxd1 Rd8 18.Rxd8+ Qxd8 19.Bf3 Qd7 20.a3 Ba6 21.b4 Bd8 22.h5 h6
23.Be2 c5 24.bxc5 Bb7 25.Qd4 Qc8 26.f3 Qa8 27.Qg4 Kf8 28.Kf2 Be7 29.cxb6 axb6
30.Bxb6 Qxa3 31.Be3 Bc5 32.Qf4 Ba6 33.Bxc5+ Qxc5+ 34.Qe3 Qa5 35.Qd4 Ke8 36.Qd6 Qa2
37.Qc6+ Ke7 38.Qc5+ Ke8 39.Ke3 Qa1 40.Qc6+ Ke7 41.Qd6+ Ke8 42.Kf2 Qa2 43.f4 Qa1
44.Bf3  1-0

[Event "ch-RSSU"]
[Site "Moscow RUS"]
[Date "2010.12.05"]
[Round "5"]
[White "Polschikov,A"]
[Black "Krapivin,A"]
[Result "0-1"]
[WhiteElo "2387"]
[BlackElo "2478"]

1.Nf3 d5 2.g3 Bg4 3.Bg2 Nf6 4.O-O e6 5.c4 c6 6.b3 Be7 7.Bb2 O-O 8.d3 Nbd7
9.Nbd2 h6 10.Qc2 Bh5 11.a3 a5 12.Rfe1 Qb6 13.h3 Rfd8 14.Bc3 Bc5 15.d4 Be7
16.b4 axb4 17.c5 b3 18.Nxb3 Qc7 19.a4 Bg6 20.Qb2 b6 21.cxb6 Qxb6 22.Nfd2 Rdb8
23.a5 Qb5 24.Ra2 Ne4 25.Bxe4 Bxe4 26.Qa1 Bf5 27.Kg2 Qa6 28.Bb2 Rb5 29.Ba3 Bf6
30.Bd6 c5 31.Be5 c4 32.Nc5 Nxc5 33.dxc5 Bxe5 34.Qxe5 Rxa5 35.Rxa5 Qxa5 36.e4 Bxh3+
37.Kxh3 Qxd2 38.exd5 Qxd5 39.Qxd5 exd5 40.Rd1 Rc8  0-1

[Event "2nd Pilsen Open"]
[Site "Plzen CZE"]
[Date "2010.12.05"]
[Round "2"]
[White "Kozak,Mi"]
[Black "Stolarczyk,An"]
[Result "1-0"]
[WhiteElo "2219"]
[BlackElo "2052"]

1.Nf3 d5 2.g3 g6 3.Bg2 Bg7 4.c4 c6 5.cxd5 cxd5 6.d4 Nc6 7.Nc3 Nf6 8.Ne5 Ne4
9.Nxe4 Nxe5 10.dxe5 dxe4 11.Qxd8+ Kxd8 12.Bxe4 Bxe5 13.O-O e6 14.Be3 f5 15.Rfd1+ Ke7
16.Bc5+ Kf7 17.Bf3 a5 18.Ba3 Rb8 19.Rd2 b5 20.Bc5 g5 21.Ba7 b4 22.Bxb8 Bxb8
23.Rc1 h5 24.Bxh5+ Rxh5 25.Rxc8 Be5 26.Rd7+ Kf6 27.b3 Bc3 28.Ra8 Ke5 29.Rxa5+ Ke4
30.f3+ Ke3 31.Kf1 Bd4 32.Re5+ Bxe5 33.Rd3+  1-0

[Event "TCh-HUN 2010-11"]
[Site "Zalaegerszeg HUN"]
[Date "2010.12.05"]
[Round "4"]
[White "Kosic,D"]
[Black "Gyimesi,Z"]
[Result "1/2-1/2"]
[WhiteElo "2481"]
[BlackElo "2595"]

1.Nf3 d5 2.g3 Nf6 3.Bg2 c6 4.O-O Bg4 5.d3 Nbd7 6.Nbd2 e5 7.e4 dxe4 8.dxe4 Bc5
9.h3 Bh5 10.Qe1 O-O 11.Nc4 Re8 12.a4 Nb6 13.Na5 Qc7 14.Nh4 Nfd7 15.b4 Bf8
16.Nf5 f6 17.Qc3 Bf7 18.Rd1 Rac8 19.Nb3 Rcd8 20.a5 Nc4 21.Bf1 b5 22.axb6 Ndxb6
23.Re1 h5 24.Na5 c5 25.b5 Nxa5 26.Rxa5 Kh7 27.Be3 g6 28.Nh4 Rd7 29.Rea1 Rb8
30.Nf3 Rb7 31.Nd2 c4 32.Be2 Bc5 33.Bxc5 Qxc5 34.Nf1 Kg7 35.Qf3 Nc8 36.b6 Qxb6
37.Ne3 Qc7 38.g4 hxg4  1/2-1/2

[Event "WCh Women"]
[Site "Antakya TUR"]
[Date "2010.12.06"]
[Round "1.4"]
[White "Foisor,C"]
[Black "Skripchenko,A"]
[Result "1-0"]
[WhiteElo "2403"]
[BlackElo "2460"]

1.Nf3 d5 2.g3 Bg4 3.Bg2 c6 4.d3 Nd7 5.O-O e6 6.c4 Ngf6 7.b3 Bd6 8.Na3 O-O
9.Nc2 Re8 10.Bb2 Bh5 11.Re1 e5 12.cxd5 cxd5 13.d4 e4 14.Nd2 Ng4 15.Nf1 f5
16.f4 Bf7 17.Qd2 Rc8 18.Rec1 Qb6 19.Bh3 Ndf6 20.Nfe3 Nxe3 21.Nxe3 g6 22.Kh1 Be6
23.Rg1 h5 24.Rgc1 Rxc1+ 25.Rxc1 Rc8 26.Rxc8+ Bxc8 27.Qc2 Bd7 28.Bf1 Kf7 29.Kg2 Qa5
30.Bc3 Qc7 31.Qd2 h4 32.Nd1 hxg3 33.hxg3 Ng4 34.e3 Qb6 35.Be2 Nf6 36.Ba5 Qc6
37.Bd8 Qc8 38.Bxf6 Kxf6 39.Qc3 Qd8 40.Nf2 Kg7 41.Qc1 a5 42.Nh3 Be7 43.Nf2 Bb4
44.g4 fxg4 45.Bxg4 Bb5 46.Qh1 Qh8 47.Qxh8+ Kxh8 48.Be6 Bd2 49.Ng4 Be2 50.Kf2 Bd1
51.Ne5 Kg7 52.Bxd5 b5 53.Bxe4 a4 54.bxa4 bxa4 55.Bxg6 Kf6 56.Bb1 Ke6 57.Nc4 Bc3
58.Be4 Kf6 59.Nb6 Ba5 60.Nd7+ Ke7 61.Nc5 Bb4 62.Bc6 a3 63.Bd5 Kd6 64.Bb3 Bg4
65.Ne4+ Ke7 66.d5 Bf5 67.Ng3 Bg4 68.Ne4 Bf5 69.Ng5 Bg4 70.e4 Bd2 71.Kg3 Be2
72.e5 Bh5 73.d6+ Kd7 74.Ne4  1-0

[Event "2nd Pilsen Open"]
[Site "Plzen CZE"]
[Date "2010.12.06"]
[Round "3"]
[White "Suder,R"]
[Black "Hubka,R"]
[Result "0-1"]
[WhiteElo "2237"]
[BlackElo "2032"]

1.Nf3 d5 2.g3 Nf6 3.Bg2 c6 4.O-O Bf5 5.d3 h6 6.Nbd2 Nbd7 7.Qe1 e6 8.e4 dxe4
9.dxe4 Bh7 10.Qe2 Be7 11.b3 Qc7 12.Bb2 O-O 13.e5 Nd5 14.Ne4 Nc5 15.Nfd2 Rad8
16.Nxc5 Bxc5 17.Ne4 Be7 18.a3 Qb6 19.Rfd1 Nc7 20.Rxd8 Rxd8 21.Rd1 Na6 22.Nd6 Qc7
23.Nc4 Nb8 24.h4 Nd7 25.f4 b5 26.Nd6 Nb6 27.Kh2 a5 28.Rd2 b4 29.axb4 axb4
30.Be4 Nd5 31.Bxh7+ Kxh7 32.Nxf7 Rf8 33.Qh5 Bxh4 34.Nd6 Be7 35.f5 exf5 36.Nxf5 Bg5
37.Rf2 g6 38.Qh3 Qd7 39.g4 gxf5 40.gxf5 Bf4+  0-1

[Event "London Chess Classic FIDE Open"]
[Site "London ENG"]
[Date "2010.12.08"]
[Round "1"]
[White "Prosviriakov,V"]
[Black "Green,Conrad Eliot"]
[Result "1-0"]
[WhiteElo "2280"]
[BlackElo "1942"]

1.Nf3 d5 2.g3 Nf6 3.Bg2 Nc6 4.d4 Bf5 5.O-O e6 6.c4 Be7 7.b3 Be4 8.Bb2 O-O
9.Nbd2 h6 10.Nxe4 Nxe4 11.Nd2 Nxd2 12.Qxd2 Bf6 13.Rad1 Qd7 14.e3 Rfd8 15.f4 Ne7
16.Bc3 c6 17.a4 Rac8 18.c5 b6 19.b4 Ra8 20.Rb1 Rdb8 21.Rb2 a6 22.Rfb1 b5
23.Ra1 Ra7 24.Rba2 Rba8 25.Qe1 g6 26.g4 Bg7 27.Bf3 f5 28.h3 Kf7 29.Ra3 Qc7
30.R1a2 Qd7 31.Qa1 Nc8 32.Be1 Qc7 33.Qb2 Qd7 34.Qg2 Ne7 35.Bh4 Nc8 36.Kh1 Qc7
37.Be1 Ne7 38.Bc3 Qd7 39.Qg3 Qc7 40.Be2 Qd7 41.Bd3 Qc7 42.Rg2 Qd7 43.Ra1 Bh8
44.h4 Rg8 45.Qh3 Raa8 46.h5 g5 47.gxf5 exf5 48.fxg5 hxg5 49.Rf1 Raf8 50.axb5 axb5
51.Bxf5 Nxf5 52.Qxf5+ Qxf5 53.Rxf5+ Bf6 54.Rgf2 Ke6 55.Kg2 Rh8 56.e4 dxe4
57.Rxf6+ Rxf6 58.Rxf6+ Kd5 59.h6 Kc4 60.Bd2 Kxd4 61.Bxg5 Kd5 62.Rf7 Ke6 63.Rg7 Kf5
64.Be3 Kf6 65.Bd4+ Ke6 66.h7 Rf8 67.Rg8 Rf5 68.h8=Q Kd5 69.Ba1 Ke6 70.Rg6+ Kd5
71.Qd4+  1-0

[Event "31st Crespi Memorial"]
[Site "Milan ITA"]
[Date "2010.12.08"]
[Round "5"]
[White "Zanetti,A"]
[Black "Battistella,S"]
[Result "1/2-1/2"]
[WhiteElo "2199"]
[BlackElo "2069"]

1.Nf3 d5 2.g3 Nf6 3.Bg2 c6 4.O-O Bf5 5.b3 h6 6.Bb2 e6 7.c4 Nbd7 8.d3 Be7
9.Nc3 O-O 10.cxd5 exd5 11.Rc1 Re8 12.Rc2 Nc5 13.Qa1 Ne6 14.Rcc1 a5 15.e4 Nc5
16.Rce1 Qb6 17.e5  1/2-1/2

[Event "Open ch-Skopje"]
[Site "Skopje MKD"]
[Date "2010.12.08"]
[Round "5"]
[White "Stosevski,I"]
[Black "Djordjevski,J"]
[Result "1-0"]
[WhiteElo "2191"]
[BlackElo "2058"]

1.Nf3 d5 2.g3 Nf6 3.Bg2 Bf5 4.c4 c6 5.cxd5 cxd5 6.Nc3 Nc6 7.Qa4 Qd7 8.d3 h6
9.O-O e5 10.e4 Be6 11.Re1 d4 12.Nd5 Bd6 13.Nxf6+ gxf6 14.Nh4 Nb4 15.Qd1 Rc8
16.Re2 Nxa2 17.Bd2 Qb5 18.Nf5 Bf8 19.Be1 Bb3 20.Qb1 Rc1 21.Qxc1 Nxc1 22.Rxc1 Qxd3
23.Rd2 Qa6 24.Bh3 Kd8 25.Nxd4 exd4 26.Rxd4+ Bd6 27.Bb4 Ke7 28.Rxd6 Qxd6 29.Rc7+ Kf8
30.Bxd6+ Kg7 31.Rxb7 Bc2 32.Be6 Bxe4 33.Rxf7+ Kg6 34.Rxa7 Rd8 35.Rd7 Ra8
36.f4 Ra6 37.f5+  1-0

[Event "London Chess Classic FIDE Open"]
[Site "London ENG"]
[Date "2010.12.10"]
[Round "3"]
[White "Hennigan,M"]
[Black "Toubale,T"]
[Result "1/2-1/2"]
[WhiteElo "2388"]
[BlackElo "2168"]

1.g3 d5 2.Nf3 Bg4 3.Bg2 c6 4.O-O Nd7 5.d3 e6 6.b3 Ngf6 7.Bb2 Be7 8.Nbd2 O-O
9.h3 Bh5 10.e4 dxe4 11.dxe4 a5 12.a4 Qc7 13.Qe2 Rfd8 14.Nc4 Bc5 15.Kh1 Nb6
16.Nce5 Nbd7 17.Nd3 Be7 18.g4 Bg6 19.Nfe5 Nxe5 20.Nxe5 Nd7 21.f4 Bf6 22.Nd3 Bxb2
23.Nxb2 f6 24.Nd3 e5 25.f5 Bf7 26.h4 c5 27.c4 Ra6 28.g5 Kh8 29.Rg1 Rd6 30.Qe3 b6
31.Nf2 Bh5 32.Bf3 Bxf3+ 33.Qxf3 Qb7 34.Rg3 fxg5 35.hxg5 Rd2 36.Ng4 Nf8 37.Nxe5 Qc7
38.Qf4 Kg8 39.f6 Ne6 40.f7+ Kf8 41.Qf5 Nd4 42.Qxh7 Qxe5 43.Qg8+ Ke7 44.Qxd8+ Kxd8
45.f8=Q+ Kc7 46.Qf7+ Kb8 47.Qf8+ Ka7 48.Qf7+ Kb8  1/2-1/2

[Event "London Chess Classic FIDE Open"]
[Site "London ENG"]
[Date "2010.12.10"]
[Round "3"]
[White "Tozer,Philip"]
[Black "Eggleston,D"]
[Result "1/2-1/2"]
[WhiteElo "2123"]
[BlackElo "2307"]

1.g3 d5 2.Nf3 Nf6 3.Bg2 Bg4 4.c4 Bxf3 5.Bxf3 c6 6.cxd5 cxd5 7.Qb3 Qd7 8.Nc3 e6
9.O-O Nc6 10.Qa4 Be7 11.d3 O-O 12.Bg5 a6 13.Bg2 b5 14.Qb3 h6 15.Bxf6 Bxf6
16.e4 Nd4 17.Qd1 b4 18.exd5 bxc3 19.bxc3 Nb5 20.dxe6 Qxe6 21.Bxa8 Rxa8 22.Qf3 Rc8
23.Rfe1 Qd7 24.d4 Rxc3 25.Qa8+ Kh7 26.Qe4+ g6 27.Rac1 Qxd4 28.Qxd4 Bxd4 29.Rxc3 Nxc3
30.a4 a5 31.Kg2 Bc5 32.Kf3 Bb4 33.Ra1 Kg7 34.Ke3 f5 35.Kd3 Kf6 36.Kc4 g5
37.f3 h5 38.h4 Ne2 39.Rb1 gxh4 40.gxh4 Ke5 41.Rb3 f4 42.Rd3 Ke6 43.Rd5 Ng1
44.Rxh5 Nxf3 45.Kd3 Nd2 46.Rb5 f3 47.Ke3 Kf7 48.Rd5 Nc4+ 49.Kxf3 Nb6 50.Rb5 Nxa4
51.Ke3 Nc5 52.Kd4 Ne6+ 53.Kc4 Nc5 54.Rxc5 Bxc5 55.Kxc5 Kg6 56.Kb5 Kh5 57.Kxa5 Kxh4  1/2-1/2

[Event "London Chess Classic FIDE Open"]
[Site "London ENG"]
[Date "2010.12.11"]
[Round "4"]
[White "Mortazavi,A"]
[Black "Hagen,Ande"]
[Result "1/2-1/2"]
[WhiteElo "2372"]
[BlackElo "2084"]

1.Nf3 d5 2.g3 Nf6 3.Bg2 c6 4.O-O Bg4 5.d3 Nbd7 6.c4 e6 7.b3 Be7 8.Bb2 O-O
9.h3 Bh5 10.Nbd2 Qb6 11.g4 Bg6 12.Nh4 a5 13.a3 Rfd8 14.Nxg6 hxg6 15.Rb1 Nf8
16.e3 g5 17.Nf3  1/2-1/2

[Event "2nd London Chess Classic"]
[Site "London ENG"]
[Date "2010.12.11"]
[Round "4"]
[White "McShane,L"]
[Black "Adams,Mi"]
[Result "1/2-1/2"]
[WhiteElo "2645"]
[BlackElo "2723"]

1.g3 d5 2.Nf3 Bg4 3.Bg2 c6 4.c4 e6 5.O-O Nd7 6.cxd5 exd5 7.d3 Ngf6 8.h3 Bh5
9.Nh4 Bc5 10.d4 Bb6 11.Nc3 O-O 12.Qd3 Re8 13.Bd2 Qe7 14.g4 Bg6 15.Nxg6 hxg6
16.Bf4 Ne4 17.Nxe4 dxe4 18.Qb3 Nf6 19.Be5 Nd5 20.Bxe4 Bxd4 21.Bxd5 Bxe5 22.Bg2 a5
23.a3 a4 24.Qc2 Qe6 25.Rad1 Ra5 26.Rd2 Rb5 27.Qxa4 Bxb2 28.e3 Qa2 29.Rd3 Bf6
30.Rfd1 Rb2 31.Bd5 b5 32.Bxa2 bxa4 33.R1d2 Reb8 34.Kg2 Kf8 35.Bc4 Rxd2 36.Rxd2 Ke7
37.Rc2 Rb2 38.Rxb2 Bxb2 39.Bd3 Bxa3 40.Bc2 g5 41.Bxa4 c5 42.Bb3 Bb4 43.Bc4 Be1
44.Kf1  1/2-1/2

[Event "17th Open A"]
[Site "Zadar CRO"]
[Date "2010.12.12"]
[Round "1.11"]
[White "Dizdar,G"]
[Black "Mazi,L"]
[Result "0-1"]
[WhiteElo "2546"]
[BlackElo "2375"]

1.Nf3 d5 2.g3 c6 3.Bg2 Bg4 4.c4 e6 5.O-O Nf6 6.d3 Be7 7.b3 Nbd7 8.Bb2 O-O
9.Nbd2 a5 10.a3 b5 11.cxb5 cxb5 12.h3 Bh5 13.Rc1 Rc8 14.Rxc8 Qxc8 15.Nd4 Qa6
16.g4 Bg6 17.f4 Qb6 18.Kh1 Bc5 19.N2f3 h5 20.g5 Ne8 21.Nc2 Bd6 22.Qd2 b4
23.axb4 axb4 24.Nfd4 Nc7 25.f5 Bh7 26.g6 fxg6 27.fxe6 Rxf1+ 28.Bxf1 Nf8 29.Qg5 Qc5
30.Bg2 Be7 31.Qd2 g5 32.Ne3 Bf6 33.Ndf5 d4 34.e7 dxe3 35.exf8=Q+ Kxf8 36.Nxe3 Bxb2
37.Nc4 Bc3 38.Qd1 Qf2 39.Kh2 Bf5  0-1

[Event "WCh Women"]
[Site "Antakya TUR"]
[Date "2010.12.13"]
[Round "4.1"]
[White "Harika,D"]
[Black "Ruan Lufei"]
[Result "1/2-1/2"]
[WhiteElo "2525"]
[BlackElo "2480"]

1.Nf3 d5 2.g3 Nf6 3.Bg2 c6 4.c4 Bf5 5.cxd5 cxd5 6.Qb3 Qb6 7.Nc3 e6 8.d3 Nc6
9.O-O Be7 10.Be3 Qxb3 11.axb3 a6 12.Nd4 Nxd4 13.Bxd4 Bg6 14.e4 dxe4 15.dxe4 Rd8
16.Bb6 Rd2 17.Rab1 O-O 18.Rfd1 Rd7 19.Rbc1 Bh5 20.f3 Bb4 21.g4 Bg6 22.Bf1 h6
23.h4 Rc8 24.h5 Bxc3 25.bxc3 Bh7 26.c4 e5 27.b4 Re7 28.b5 Re6 29.Bf2 g6 30.hxg6 Bxg6
31.bxa6 Rxa6 32.Rb1 Ra3 33.Rd3 Rxd3 34.Bxd3 Rc7 35.Be3 h5 36.g5 Nd7 37.Rb5 f6
38.gxf6 Bf7 39.f4 Bxc4 40.Bxc4+ Rxc4 41.Rxb7  1/2-1/2